|
|
|
|
| LEADER |
01335cam a2200265 4500 |
| 001 |
4562111 |
| 003 |
GR-PaULI |
| 005 |
20210216110827.0 |
| 008 |
740614s1974 ne b 100 0 eng |
| 020 |
|
|
|a 9027704120
|
| 040 |
|
|
|a DLC
|c DLC
|d DLC
|b gre
|e AACR2
|
| 082 |
0 |
0 |
|a 530.15
|2 23
|
| 111 |
|
|
|a NATO Advanced Study Institute on Mathematical Physics
|b 2d,
|c Istanbul)
|d 1972 :
|9 168066
|n (2nd :
|
| 245 |
1 |
0 |
|a Group theory in non-linear problems :
|b lectures presented at the NATO Advanced Study Institute on Mathematical Physics, held in Istanbul, Turkey, August 7-18, 1972 /
|c edited by by A. O. Barut.
|
| 260 |
|
|
|a Dordrecht ;
|a Boston :
|b Reidel,
|c 1974.
|
| 300 |
|
|
|a vi, 283 σ. ;
|c 25 εκ.
|
| 490 |
1 |
|
|a NATO Advanced Study Institutes Series. Mathematical and physical sciences
|v 7.
|
| 504 |
|
|
|a Περιλαμβάνει βιβλιογραφικές παραπομπές.
|
| 650 |
|
4 |
|a Ομάδες, Θεωρία των
|9 971
|
| 700 |
1 |
|
|a Barut, A. O.
|d 1926-
|q (Asim Orhan),
|e επιμελητής.
|9 168067
|
| 830 |
|
|
|9 162662
|a NATO ASI series.
|p Mathematical and physical sciences
|v 7
|
| 942 |
|
|
|2 ddc
|c BKN
|
| 952 |
|
|
|0 0
|1 0
|2 ddc
|4 0
|6 Π_Σ_530_150000000000000_NAT
|7 0
|9 221149
|a LISP
|b LISP
|c REF
|d 2018-03-27
|i 125377
|l 0
|o Π/Σ 530.15 NAT
|p 025000044482
|r 2018-03-27 00:00:00
|t 1
|y BKN
|
| 998 |
|
|
|c ΜΠΟΥΡΑΣ
|d 2018-03
|
| 999 |
|
|
|c 133606
|d 133606
|